Top 10 des joueurs de foot ayant marqué le plus de goals. - Statistiques

Statistiques générales
  • Ce quiz a été pris 160 fois
  • Le résultat moyen est 5 sur 10
Statistiques - réponses
Hint Réponse % Correct
1# (+950) Cristiano Ronaldo
100%
2# (+850) Lionel Messi
99%
4# (+750) Pelé
89%
8# (+690) Robert Lewandowski
57%
10# (+580) Luis Suárez
55%
7# (+700) Gerd Müller
34%
6# (+700) Ferenc Puskás
31%
#5 (+750) Romário
14%
3# (+800) Josef Bican
12%
9# (?) Ferenc Deák
1%
Aucun quiz correspondant
Distribution des résultats
% des personnes avec chaque résultat
Percentile par nombre de réponses
Votre historique - résultats
Vous n’avez pas pris ce quiz